[Event "DSOL 05 Liga Gr-B 1st"]
[Site "Playchess.com INT"]
[Date "2020.07.14"]
[Round "4.4"]
[White "Peteani, Damien"]
[Black "Vieito Ribelles, Ariadna"]
[Result "0-1"]
[WhiteElo "1523"]
[BlackElo "1593"]
[PlyCount "40"]
[EventDate "2020.06.22"]
[EventType "team-tourn (rapid)"]
[EventCountry "GER"]
[SourceTitle "EXT 2021"]
[Source "ChessBase"]
[SourceDate "2020.10.23"]
[SourceVersion "1"]
[SourceVersionDate "2020.10.23"]
[SourceQuality "1"]
[WhiteTeam "Gross Gerau"]
[BlackTeam "Hameln II"]
[WhiteTeamCountry "GER"]
[BlackTeamCountry "GER"]

1. e4 e5 2. Nf3 Nc6 3. Bc4 Be7 4. c3 Nf6 5. d3 0-0 6. Bb3 d5 7. exd5 Nxd5 8. 0-0 Bf5 9. Qe2 Nf4 10. Bxf4 Bxd3 11. Qd2 Bxf1 12. Nxe5 Nxe5 13. Bxe5 Ba6 14. Qf4 Qd3 15. Nd2 Bd6 16. Nf3 Rae8 17. Re1 Qg6 18. Ng5 Rxe5 19. Bxf7+ Rxf7 20. Qd2 Qxg5 0-1

[Event "SB-2013-0-00307"]
[Site "LSS email"]
[Date "2013.05.21"]
[Round "?"]
[White "Vieito Ribelles, Ariadna"]
[Black "Blittkowsky, Ralf"]
[Result "0-1"]
[WhiteElo "1900"]
[BlackElo "1939"]
[PlyCount "30"]
[EventDate "2013.04.27"]
[EventType "tourn (corr)"]
[EventRounds "6"]
[EventCountry "GER"]
[SourceTitle "Corr 2022"]
[Source "ChessBase"]
[SourceDate "2021.10.24"]
[SourceVersion "1"]
[SourceVersionDate "2021.10.24"]
[SourceQuality "1"]

1. d4 f5 2. Bg5 h6 3. Bh4 g5 4. e3 Nf6 5. Bg3 d6 6. Bb5+ Bd7 7. Bxd7+ Qxd7 8. Nc3 e6 9. h4 Rg8 10. hxg5 hxg5 11. Qd3 Nc6 12. a3 0-0-0 13. 0-0-0 Qf7 14. Kb1 Bg7 15. Nf3 Qg6 0-1

[Event "Valenciana Comunity op"]
[Site "L'Alfas del Pi"]
[Date "2011.06.12"]
[Round "4"]
[White "Vieito Ribelles, Ariadna"]
[Black "Rubio Tent, Francisco"]
[Result "0-1"]
[WhiteElo "1743"]
[BlackElo "2050"]
[PlyCount "70"]
[EventDate "2011.06.11"]
[EventType "swiss"]
[EventRounds "7"]
[EventCountry "ESP"]
[SourceTitle "EXT 2013"]
[Source "ChessBase"]
[SourceDate "2012.11.22"]
[SourceVersion "1"]
[SourceVersionDate "2012.11.22"]
[SourceQuality "1"]

1. d4 d5 2. c4 c6 3. Nc3 Nf6 4. g3 Bf5 5. Bg2 e6 6. Nf3 Nbd7 7. 0-0 Be7 8. Qb3 Qb6 9. Re1 h6 10. Qxb6 Nxb6 11. c5 Nbd7 12. b4 Ne4 13. Nxe4 Bxe4 14. a4 Bf6 15. Bb2 a5 16. b5 Nxc5 17. dxc5 Bxb2 18. Ra2 Bf6 19. Nd2 Bxg2 20. Kxg2 Bc3 21. Rc1 Bb4 22. Nf3 f6 23. Nd4 Kd7 24. Kf3 g6 25. Ke3 e5 26. Nf3 Ke6 27. Rac2 f5 28. Rd1 d4+ 29. Nxd4+ exd4+ 30. Rxd4 Rhd8 31. Rh4 h5 32. Rhc4 Rd5 33. Kf4 Kf6 34. h4 Re8 35. f3 Bd2+ 0-1